[Event "Uzes op"]
[Site "Uzes"]
[Date "1989.??.??"]
[Round "1"]
[White "Poulenard, Raphael"]
[Black "Lahaye, O."]
[Result "1/2-1/2"]
[WhiteElo "2160"]
[BlackElo "1660"]
[PlyCount "87"]
[EventDate "1989.??.??"]
[EventType "swiss"]
[EventRounds "9"]
[EventCountry "FRA"]
[SourceTitle "EXT 1997"]
[Source "ChessBase"]
[SourceDate "1996.11.15"]
[SourceVersion "1"]
[SourceVersionDate "1996.11.15"]
[SourceQuality "1"]

1. e4 c5 2. Nf3 d6 3. d4 cxd4 4. Nxd4 Nf6 5. Nc3 a6 6. Bg5 e6 7. f4 Be7 8. Qf3 Qc7 9. 0-0-0 Nbd7 10. Bd3 b5 11. Rhe1 Bb7 12. Qg3 Rc8 13. Bxb5 axb5 14. Ndxb5 Qc5 15. e5 dxe5 16. fxe5 Ne4 17. Rxe4 Bxe4 18. Bxe7 Kxe7 19. Qg5+ Kf8 20. Rxd7 g6 21. b4 Qf2 22. Rd8+ Kg7 23. Qf6+ Qxf6 24. exf6+ Kxf6 25. Nxe4+ Ke5 26. Rxh8 Rxh8 27. Nf2 f5 28. a4 Kd5 29. Kb2 e5 30. Kb3 e4 31. a5 g5 32. a6 e3 33. Nd3 Kc6 34. Nd4+ Kb6 35. Nxf5 Re8 36. Nd6 Re6 37. c4 e2 38. b5 Re3 39. c5+ Kc7 40. b6+ Kd7 41. Kc2 Rxd3 42. c6+ Kxc6 43. a7 Ra3 44. Kd2 1/2-1/2